Statistics for Year-End #1 Hits Since 2000

Click here to take the quiz!

General Stats

  • This quiz has been taken 137 times
    (81 since last reset)
  • The average score is 14 of 23

Answer Stats

YearArtistAnswer% Correct
2014Pharell WilliamsHappy
94%
2019Lil Nas X ft. Billy Ray CyrusOld Town Road (Remix)
88%
2020The WeekndBlinding Lights
83%
2017Ed SheeranShape of You
82%
2012Gotye ft. KimbraSomebody That I Used to Know
82%
2015Mark Ronson ft. Bruno MarsUptown Funk
82%
2010KeshaTik Tok
81%
2021Dua Lipa ft. DaBabyLevitating
78%
2013Macklemore & Ryan Lewis ft. WanzThrift Shop
74%
2022Glass AnimalsHeat Waves
72%
2011AdeleRolling in the Deep
67%
2004Usher ft. Lil Jon & LudacrisYeah!
65%
2018DrakeGod's Plan
63%
200350 CentIn da Club
56%
2008Flo Rida ft. T-PainLow
50%
2006Daniel PowterBad Day
46%
2009The Black Eyed PeasBoom Boom Pow
46%
2016Justin BieberLove Yourself
46%
2002NickelbackHow You Remind Me
39%
2007BeyoncéIrreplaceable
26%
2005Mariah CareyWe Belong Together
24%
2000Faith HillBreathe
19%
2001LifehouseHanging by a Moment
13%

Score Distribution

Percentile by Number Answered

Percent of People with Each Score

Your Score History

You have not taken this quiz since the last reset